000 00342 a2200145 4500
001 177660
020 _a
040 _cMagnum
100 _aInes
240 1 0 _aEspaco instituto nacional de educacao de surdos
_lpor
245 1 0 _aEspaco instituto nacional de educacao de surdos
362 0 _a1899
697 _aMAGNITO: GERAL
942 _cBK
999 _c177660
_d177660